| 000 | 00623nam a22002057a 4500 | ||
|---|---|---|---|
| 003 | EC-GqESP | ||
| 005 | 20250529160132.0 | ||
| 008 | 250529b |||||||| |||| 00| 0 eng d | ||
| 020 | _a1390-9398 | ||
| 041 | _aESP | ||
| 082 | _a623.809866 | ||
| 110 | _aArmada del Ecuador | ||
| 245 |
_aArmada del Ecuador: Instituto de historia marĂtima, contralmirante Carlos Monteverde Granados _cByron Teran Hurtado |
||
| 250 | _aN0. 73 | ||
| 260 |
_aGuayaquil _bARMADA DEL ECUADOR _c2024 |
||
| 300 |
_a200 p. _bfotos, bibliografias _c22.5x16.5 cm |
||
| 650 | _aHistoria marĂtima | ||
| 650 | _aArmada del Ecuador | ||
| 942 | _c02 | ||
| 999 |
_c237978 _d237978 |
||